| 000 | 00853nam a2200193 4500 | ||
|---|---|---|---|
| 008 | 060404s2004 nju b 001 0 eng | ||
| 020 | _a0875526497 ::USD11.20 | ||
| 090 |
_aBS2655.J8 _bW31j |
||
| 100 | 1 |
_aWaters, Guy Prentiss, _d1975- |
|
| 245 | 1 | 0 |
_aJustification and the new perspectives on Paul : _ba review and response / _cGuy Prentiss Waters. |
| 260 |
_aPhillipsburg, N.J. : _bP & R Pub., _cc2004. |
||
| 300 |
_axii, 273 p. ; _c23 cm. |
||
| 504 | _aIncludes bibliographical references (p. 239-261) and indexes. | ||
| 630 | 0 | 4 |
_aBible. _pN.T. _pEpistles of Paul _xCriticism, interpretation, etc. _xHistory. |
| 630 | 0 | 4 |
_aBible. _pN.T. _pEpistles of Paul _xTheology. |
| 650 | 4 |
_aJustification (Christian theology) _xBiblical teaching. |
|
| 650 | 4 |
_aReformed Church _xDoctrines. |
|
| 951 |
_p29302 _x00032727 _oBS2655.J8/W31j _j070613111549218 _d2000-12-21 _cGC |
||
| 999 |
_c26357 _d26357 |
||